1996年 オリコン年間シングルチャートTop50 - Statistics

General Stats
  • This quiz has been taken 63 times
  • The average score is 13 of 50
Answer Stats
順位 アーティスト名 タイトル 発売日 タイアップ % Correct
4 スピッツ チェリー 1996/04/10
83%
3 久保田利伸 with ナオミ・キャンベル LA・LA・LA LOVE SONG 1996/05/13 フジテレビ系ドラマ『ロングバケーション』主題歌
77%
1 Mr.Children 名もなき詩 1996/02/05 フジテレビ系ドラマ『ピュア』主題歌
75%
6 スピッツ 空も飛べるはず 1994/04/25 フジテレビ系ドラマ『白線流し』主題歌タイアップによる再出荷
73%
18 JUDY AND MARY そばかす 1996/02/19 フジテレビ系アニメ『るろうに剣心 -明治剣客浪漫譚-』オープニングテーマ
60%
8 華原朋美 I'm proud 1996/03/06 TBC『the レディ・エステティック』CMソング
56%
15 PUFFY アジアの純真 1996/05/13 キリンビバレッジ「天然育ち」CMソング
50%
25 玉置浩二 田園 1996/07/21 フジテレビ系ドラマ『コーチ』主題歌
50%
2 globe DEPARTURES 1996/01/01 JR東日本「JR Ski Ski」CMソング
48%
36 ウルフルズ ガッツだぜ!! 1995/12/06
46%
23 相川七瀬 恋心 1996/10/07 三貴「カメリアダイヤモンド」CMソング
42%
29 スピッツ 1996/09/09 江崎グリコ「ポッキー」CMソング
42%
19 ZARD マイ フレンド 1996/01/08 テレビ朝日系アニメ『SLAM DUNK』エンディングテーマ
38%
24 大黒摩季 熱くなれ 1996/07/08 NHKアトランタオリンピック放送テーマソング
38%
16 PUFFY これが私の生きる道 1996/10/07 資生堂『ティセラ』CMソング
31%
28 SMAP 青いイナズマ 1996/07/15 フジテレビ系『SMAP×SMAP』テーマソング
31%
44 FIELD OF VIEW DAN DAN 心魅かれてく 1996/03/11 フジテレビ系アニメ『ドラゴンボールGT』オープニングテーマ
27%
39 THE YELLOW MONKEY JAM/Tactics 1996/02/29 NHK『ポップジャム』エンディングテーマ/フジテレビ系アニメ『るろうに剣心 -明治剣客浪漫譚-』エンディングテーマ
27%
30 ポケットビスケッツ YELLOW YELLOW HAPPY 1996/09/04 日本テレビ系『ウッチャンナンチャンのウリナリ!!』エンディングテーマ
27%
5 Mr.Children 花 -Mémento-Mori- 1996/04/10
23%
47 X JAPAN Forever Love 1996/07/08 映画『X』主題歌
21%
33 Mr.Children マシンガンをぶっ放せ -Mr.Children Bootleg- 1996/08/08
19%
7 サザンオールスターズ 愛の言霊 ~Spiritual Message~ 1996/05/20 日本テレビ系ドラマ『透明人間』主題歌
19%
21 シャ乱Q いいわけ 1996/04/24 ドラマフジテレビ系木曜劇場『Age,35 恋しくて』主題歌
17%
40 GLAY グロリアス 1996/01/17 ヴィクトリア「'96 Victoria」TV-CFイメージソング
17%
22 藤井フミヤ Another Orion 1996/08/07 TBS系ドラマ『硝子のかけらたち』主題歌
17%
31 GLAY BELOVED 1996/08/07 TBS系ドラマ『ひと夏のプロポーズ』主題歌
17%
38 華原朋美 I BELIEVE 1995/10/11 ミナミ 「'96 JOY OF SPORTS」CMソング
17%
32 ZARD 心を開いて 1996/05/06 大塚製薬「ポカリスエット」CMソング
15%
17 MY LITTLE LOVER ALICE 1996/04/22 森永製菓「ICE BOX」CMソング
15%
11 B'z ミエナイチカラ ~INVISIBLE ONE~/MOVE 1996/03/06 テレビ朝日系アニメ『地獄先生ぬ~べ~』エンディングテーマ
15%
45 SPEED Body & Soul 1996/08/05 日清シスコ「シスコーン」CMソング
13%
10 安室奈美恵 Chase the Chance 1995/12/04 日本テレビドラマ『ザ・シェフ』主題歌
13%
35 H Jungle With t FRIENDSHIP 1996/04/24 日本テレビ系ドラマ『竜馬におまかせ!』主題歌
13%
12 B'z Real Thing Shakes 1996/05/15 日本テレビ系ドラマ『俺たちに気をつけろ。』主題歌
13%
13 安室奈美恵 You're my sunshine 1996/06/05 ブリストル・マイヤーズ スクイブ「シーブリーズ '96」CFイメージソング
13%
34 近藤真彦 ミッドナイト・シャッフル 1996/02/21 日本テレビ系ドラマ『銀狼怪奇ファイル~二つの頭脳を持つ少年~』主題歌
10%
48 奥田民生 イージ㋴ー★ライダー 1996/06/21 日産自動車「ウイングロード」CMソング
10%
46 ウルフルズ バンザイ ~好きでよかった~ 1996/02/07 フジテレビ系ドラマ『勝利の女神』主題歌
8%
9 安室奈美恵 Don't wanna cry 1996/03/13 ダイドードリンコ「mistio」CFイメージソング
8%
27 華原朋美 save your dream 1996/10/02 ロッテ「紗々」CFイメージソング
8%
26 YEN TOWN BAND Swallowtail Butterfly ~あいのうた~ 1996/07/22 映画『スワロウテイル』主題歌
8%
37 SMAP はだかの王様 ~シブトクつよく~ 1996/05/05 日本テレビ系『劇空間プロ野球'96』テーマソング
6%
49 SMAP 胸さわぎを頼むよ 1996/02/02 カネボウ化粧品「テスティモ」CMソング
6%
14 松田聖子 あなたに逢いたくて ~Missing You~/明日へと駆け出してゆこう 1996/04/22 Canon「PIXEL」CFイメージソング
6%
50 シャ乱Q My Babe 君が眠るまで 1995/10/21 テレビ東京系『NEWSモーニングJAM』エンディングテーマ
6%
20 セリーヌ・ディオン with クライズラー&カンパニー TO LOVE YOU MORE 1995/10/23 フジテレビ系ドラマ『恋人よ』主題歌
6%
41 globe Can't Stop Fallin' in Love 1996/10/30 JR東日本「JR Ski Ski」CMソング
4%
43 globe Is this love 1996/08/28
4%
42 THE YELLOW MONKEY SPARK 1996/07/10 TBS系『COUNT DOWN TV』96年7月度エンディングテーマ
4%
No matching quizzes found
Score Distribution
Percent of People with Each Score
Percentile by Number Answered
Your Score History
You have not taken this quiz